000 00797nam a2200193Ii 4500
003 JO-AjNU
008 230605s9999||||xx |||||||||||||| ||und||
040 _aJO-AjNU
_bara
_erda
_cJO-AjNU
041 _aara
050 1 4 _aDS87.53.S5212 1985
100 3 _aشيف، زيف، يعاري، اهود؛ ترجمة يوسف، حسان,
_eauthor
_919989
245 0 0 _aالحرب المضلله: حرب اسرائيل في لبنان
264 3 1 _aبيروت: دار المروج، 1985
300 _a159ص
336 _atext
_btxt
_2rdacontent
337 _aunmediated
_bn
_2rdamedia
338 _avolume
_bnc
_2rdacarrier
650 4 _aالحرب العربية الاسرائيلية- القضية الفلسطينية ، لبنان- تاريخ- الغزو الاسرائيلي للبنان 1982
_919990
999 _aA6696
_c10264
_d10264